Commedia all'Italiana (La) (Record n. 93345)
[ formato base ]
| 000 -LEADER | |
|---|---|
| fixed length control field | 01740nam a2200289Ia 4500 |
| 001 - CONTROL NUMBER | |
| control field | B6138 |
| 003 - CONTROL NUMBER IDENTIFIER | |
| control field | IT-RoPAU |
| 008 - FIXED-LENGTH DATA ELEMENTS--GENERAL INFORMATION | |
| fixed length control field | 130308s9999 xx 000 0 und d |
| 040 ## - CATALOGING SOURCE | |
| Original cataloging agency | IT-RoPAU |
| 040 ## - CATALOGING SOURCE | |
| Transcribing agency | IT-RoPAU |
| 041 ## - LANGUAGE CODE | |
| Language code of text/sound track or separate title | ITALIANO |
| 100 ## - MAIN ENTRY--PERSONAL NAME | |
| Personal name | Giacovelli Enrico |
| 100 ## - MAIN ENTRY--PERSONAL NAME | |
| Miscellaneous information | Codice Aut. SPICS: 21321 |
| 245 ## - TITLE STATEMENT | |
| Title | Commedia all'Italiana (La) |
| 245 ## - TITLE STATEMENT | |
| Remainder of title | Commedia All'Italiana (La) |
| 250 ## - EDITION STATEMENT | |
| Edition statement | 1a ed. |
| 260 ## - PUBLICATION, DISTRIBUTION, ETC. (IMPRINT) | |
| Place of publication, distribution, etc. | ROMA |
| 260 ## - PUBLICATION, DISTRIBUTION, ETC. (IMPRINT) | |
| Name of publisher, distributor, etc. | Gremese |
| 260 ## - PUBLICATION, DISTRIBUTION, ETC. (IMPRINT) | |
| Date of publication, distribution, etc. | 1990 [1° Ed.:1990 - Ed.Ling.Originale:1990] |
| 300 ## - PHYSICAL DESCRIPTION | |
| Extent | "256 p. (prefazione: no ; testo: 256 [pagine: 0-0])" |
| 500 ## - GENERAL NOTE | |
| General note | Cos'E' la commedia e la commedia All'Italiana. commedie e Critici All'Italiana. breve Storia della commedia Cinematografica in Italia: Origini teatrali e Letterarie, Rosa e Nero, commedia di Regime, neorealismo e Commedia, Ascesa e Declino del neorealismo Rosa Negli Anni 50, Ai margini del neorealismo Rosa, Filone Balneare o delle Storie Parallele, commedie Tursitiche Calcistiche e Giudiziarie, tentativi di satira Politica, Storie di Donne. commedia del boom (1958/1964), commedia Meridionalistica, commedia al Femminile, commedia fantastica e Fantascientifica, commedia di Viaggi, Monografie, commedia Gialla e commedia Nera, commedia Politica, Grottesco e commedie Erotico Brillanti, commedia dei Vecchi e dei Giovani. luoghi della commedia All'Italiana: palazzi del Boom, Automobile, Televisione, Spiaggia, festa e Ballo, Canzonetta, Gioco del Calcio, Funerale. Schede biografiche di 123 Fra Registi, Sceneggiatori e Attori. Elenco di 962 Film che Hanno Fatto la Storia del Genere dal 1930 al 1990. |
| 650 ## - SUBJECT ADDED ENTRY--TOPICAL TERM | |
| Topical term or geographic name as entry element | GENERI CINEMATOGRAFICI |
| 650 ## - SUBJECT ADDED ENTRY--TOPICAL TERM | |
| Relator term | Codice materia Spics: 6810 |
| 942 ## - ADDED ENTRY ELEMENTS (KOHA) | |
| Koha item type | LIBRO |
| 957 ## - | |
| -- | 1 |
| 999 ## - SYSTEM CONTROL NUMBERS (KOHA) | |
| -- | 1 |
| Withdrawn status | Lost status | Damaged status | Not for loan | Home library | Current library | Date acquired | Total Checkouts | Full call number | Date last seen | Price effective from | Koha item type | Public note |
|---|---|---|---|---|---|---|---|---|---|---|---|---|
| Buone Condizioni | Not For Loan | SPICS-MEDIATECA | SPICS-MEDIATECA | 08/03/2013 | B6138 | 08/03/2013 | 08/03/2013 | LIBRO | Progressivo inserimento: 38958 / N. Volumi: 1 Copie: 1 / data import: 1 marzo 2013 - By Epidotti, Trombetti, Vaglietti. |